Comedia de Calisto y Melibea / (Record no. 132094)

MARC details
000 -LEADER
campo de control de longitud fija 00717nam a2200217 4500
001 - NÚMERO DE CONTROL
campo de control 132094
003 - IDENTIFICADOR DE NÚMERO DE CONTROL
campo de control ES-MaACL
005 - FECHA Y HORA DE LA ÚLTIMA TRANSACCIÓN
campo de control 20251116063106.0
007 - CAMPO FIJO DE DESCRIPCIÓN FÍSICA--INFORMACIÓN GENERAL
campo de control de longitud fija t|
008 - DATOS DE LONGITUD FIJA--INFORMACIÓN GENERAL
campo de control de longitud fija 070214s1961 sz r ||||1| spa d
080 ## - NÚMERO DE LA CLASIFICACIÓN DECIMAL UNIVERSAL
Número de la Clasificación Decimal Universal 821.134.2-21"15"
100 1# - ENTRADA PRINCIPAL--NOMBRE DE PERSONA
Nombre de persona Rojas, Fernando de,
Fechas asociadas al nombre ca. 1470-1541
9 (RLIN) 99042
240 13 - TÍTULO UNIFORME
Título uniforme La Celestina
245 10 - MENCIÓN DEL TÍTULO
Título Comedia de Calisto y Melibea /
Mención de responsabilidad, etc. Fernando de Rojas ; introducción a la edición facsímil por Daniel Poyán.
260 ## - PUBLICACIÓN, DISTRIBUCIÓN, ETC.
Lugar de publicación, distribución, etc. Ginebra :
Nombre del editor, distribuidor, etc. Biblioteca Bodmeriana,
Fecha de publicación, distribución, etc. 1961.
300 ## - DESCRIPCIÓN FÍSICA
Extensión 11 p. ;
Dimensiones 25 cm.
534 ## - NOTA SOBRE LA VERSIÓN ORIGINAL
Frase introductoria Reprod. facsímil de la ed. de:
Publicación, distribución, etc. del original Toledo, 1500.
700 1# - ENTRADA AGREGADA--NOMBRE PERSONAL
Nombre de persona Poyán Díaz, Daniel.
9 (RLIN) 93515
852 ## - LOCALIZACIÓN
Ubicación ES-MaACL
Número de control de estantería 2023-F-23
Holdings
Estatus retirado Estado de pérdida Estado de daño No para préstamo Colección Biblioteca de origen Biblioteca actual Ubicación en estantería Fecha de adquisición Fuente de adquisición Total de préstamos Signatura topográfica completa Código de barras Visto por última vez Precio de reemplazo Tipo de ítem Koha
        Colección de folletos Biblioteca del Ateneo de Madrid Biblioteca del Ateneo de Madrid Depósito folletos 17/01/2008     2023-F-23 1137526 23/02/2023 23/02/2023 Folleto